najbogatsi ludzie świata 2022 - Statystyki

Ogólne statystyki
  • Ten quiz został rozwiązany 682 razy
  • Średni wynik to 2 z 10
Statystyki odpowiedzi
nr Odpowiedź % Poprawnych
1 Elon Musk
97%
4 Bill Gates
56%
2 Jeff Bezos
54%
5 Warren Buffett
9%
6 Larry Page
8%
8 Larry Ellison
7%
3 Bernart Arnault
6%
7 Sergey Brin
5%
9 Steve Ballmer
3%
10 Muhesh Ambani
0%
Nie znaleziono quizów pasujących do podanych kryteriów
Rozkład punktacji
Procent ludzi z każdym wynikiem
Percentyl według liczby udzielonych odpowiedzi
Twoja historia wyników
Nie rozwiązałeś tego quizu